00685nam a22002177a 4500003000400000008004100004082001700045100001700062245008000079260006800159300001000227502001700237650001700254650001200271650001600283650001100299650001100310942001100321999001700332952011800349OSt260429b |||||||| |||| 00| 0 eng d a634.44bN25B aNaresh Kumar aBearing Behaviour of Some West and South Indian Mangoes / cby Naresh Kumar a.- Sabour, Bhagalpurb: Bihar Agricultural College, RAUc, 1993 a126p. bPh. D.d1993 aHorticulture aMangoes aSouth India aThesis aPh. D. 2ddccT c50307d50307 00102ddc4070aRAUbRAUd2026-04-29eby Authorg0.00l0o634.44 N25Bp44882-ULr2026-04-29w2026-04-29yTkGift